000 00388nam a2200145Ia 4500
008 100122s9999 xx 000 0 und d
082 _b45948
_a823.08
100 _aप्रभू प्रकाश
245 _aपालखी
260 _bमंदार प्रकाशन
_c1982
300 _a124
630 _aपालखी
730 _aपालखी
942 _cBOOK
999 _c425242
_d425239